All St. Louis County Cities on a Map - Statistics

General Stats
  • This quiz has been taken 83 times
  • The average score is 35 of 98
Answers on the Map
Answers color-coded by a green-red scale on the quiz's map according to % correct below.
 
Answer Stats
Answer Population % Correct
Chesterfield 49,166
89%
Florissant 51,128
86%
Clayton 17,461
81%
Creve Coeur 18,457
81%
Kirkwood 29,174
81%
Ladue 8,880
81%
Maryland Heights 27,575
81%
Ferguson 17,996
78%
Wildwood 34,851
78%
Eureka 13,092
75%
University City 34,096
75%
Ballwin 30,410
69%
Manchester 18,012
69%
Webster Groves 23,449
69%
Town and Country 11,553
67%
Affton 20,035
61%
Fenton 4,048
61%
Frontenac 3,727
58%
Oakville 35,166
58%
Sunset Hills 9,041
58%
Bridgeton 11,261
53%
Ellisville 9,801
53%
Hazelwood 24,863
53%
Spanish Lake 18,183
53%
Brentwood 8,070
50%
Des Peres 9,099
50%
Jennings 12,836
50%
Maplewood 8,041
50%
Olivette 8,843
50%
Richmond Heights 9,058
50%
Black Jack 6,538
47%
Lemay 16,431
47%
Mehlville 29,089
47%
Valley Park 6,725
47%
Huntleigh 351
44%
Shrewsbury 6,243
44%
St. Ann 12,658
44%
St. John 6,460
42%
Bellefontaine Neighbors 10,370
39%
Crestwood 12,175
39%
Normandy 4,213
39%
Winchester 1,403
39%
Berkeley 8,031
36%
Glendale 6,051
36%
Oakland 1,370
36%
Champ 8
33%
Clarkson Valley 2,543
33%
Rock Hill 4,649
33%
Old Jamestown 21,121
31%
Twin Oaks 585
31%
Concord 18,028
28%
Country Life Acres 71
28%
Overland 15,496
28%
Sappington 6,882
28%
Wellston 1,583
28%
Westwood 308
25%
Bel-Nor 1,355
22%
Crystal Lake Park 502
22%
Kinloch 260
22%
Riverview 2,327
22%
Vinita Park 1,926
22%
Warson Woods 1,982
22%
Bel-Ridge 2,078
19%
Beverly Hills 458
19%
Charlack 1,274
19%
Pagedale 2,506
19%
Pine Lawn 2,683
19%
Breckenridge Hills 4,348
17%
Dellwood 4,811
17%
Marlborough 2,180
17%
Moline Acres 2,096
17%
Wilbur Park 423
17%
Calverton Park 1,122
14%
Cool Valley 1,006
14%
Edmundson 842
14%
Glasgow Village 5,491
14%
Green Park 2,664
14%
Sycamore Hills 545
14%
Velda City 1,245
14%
Bella Villa 731
11%
Country Club Hills 994
11%
Hanley Hills 1,956
11%
St. George 1,568
11%
Woodson Terrace 3,871
11%
Castle Point 2,792
8%
Glen Echo Park 114
8%
Greendale 631
8%
Hillsdale 1,181
8%
Lakeshire 1,514
8%
Northwoods 3,583
8%
Norwood Court 873
8%
Pasadena Hills 883
8%
Velda Village Hills 849
8%
Bellerive Acres 184
6%
Flordell Hills 705
6%
Grantwood Village 921
6%
Pasadena Park 426
6%
Uplands Park 304
6%
No matching quizzes found
Score Distribution
Percent of People with Each Score
Percentile by Number Answered
Your Score History
You have not taken this quiz